01776nam a2200277 a 4500003000400000005001700004008003200021040002600053082002800079100004200107245008200149260004100231300002200272500007400294505068800368562000701056590002601063600004201089610005401131650005401185651004801239910004401287942001401331952013601345999001701481OSt20250210113909.0190726s2001 dr spa d aDO-SdBNPbspacBNPHU  4a341.245bA696m 20012221 aArias, Luis,q(Arias Núñez)9935610aManual de derecho Internacional público Americano / cLuis Arias Núñez. aSanto Domingo :bCentenario, c2001. a283 p. ;c23 cm.  aIncluye referencias bibliográficas y notas al pie de las páginas 0 aConcepto generales del derecho internacional americano -- El regionalismo internacional -- Conceptos generales de las doctrinas latinoamericanas -- Sistemas doctrinal americano y la no intervención -- sistema doctrinal americano y el reconocimiento internacional -- Principios de derecho internacional en el sistema interamericano -- Sistema institucional en América -- La organización de Estados americanos -- El sistema de integración en América -- El asilo, concepto del asilo, el asilo exterior o fuera del territorio del país que lo concede -- Los derechos humanos en el sistema internacional -- Principios de derecho internacional en el sistema interamericano.  a  aInventariado, 2020/VM10aArias, Luis,q(Arias Núñez)9935620aOrganización de los Estados Americanos 917918 4aDerecho internacional públicozAmérica980257 4aAméricaxIntegración económica972208 aVMateo/Validado. Control de calidad MFF 2ddccLBS1 00102ddc51708MOaBNPHUbPDcHDd2020-11-16eMaritza Báez l0oBNPHU PD 341.245 A696mp2020-0492r2020-11-16w2020-11-16yLBS1 c49135d49135